| 000 | 00554nam a22001817a 4500 | ||
|---|---|---|---|
| 005 | 20240408152445.0 | ||
| 010 | _aENG-139656 | ||
| 020 |
_a9788192805726 _c500.00 |
||
| 035 | _aEN-123188 | ||
| 037 | _bDBAD/PUB | ||
| 082 |
_a306.85 _21 |
||
| 100 |
_aChhabra Shikha _964396 |
||
| 245 |
_aAdolescent Psychology: _bIn Dual Children Families/ _cBy Shikha Chhabra |
||
| 260 |
_aLal Ganesh _bVivek Books _c2015 |
||
| 270 |
_aRajanikanta Goswami Path, House No. 31 _bGuwahati |
||
| 300 |
_a246p; _c23CM(Hb) |
||
| 942 |
_cEN _h306.85 _2ddc _mCHH |
||
| 999 |
_c201406 _d201406 |
||